00556nam a2200205Ia 4500003000400000005001700004008004100021020002200062040000700084041000800091082001300099100002100112245007600133250000700209260006500216300001800281365001200299700001900311700002000330OSt20250807141422.0210719s2020 xx 000 0 und d a978-81-942446-0-8 cAL aeng a658 WEIM aWeihrich, Heinz  aManagementb: a global innovative and entrepreneurial perspective Ed 15 a15 aChennaibMcGraw Hill Education (India) Private Limitedc2020 axxvii,571bPB b825cRs aCannice, Mark  aVkoontz, Harold